000 00900nam a2200241 4500
003 OSt
005 20240722035552.0
006 a
008 240722b |||||||| |||| 00| 0 eng d
020 _a9780873528085
040 _aDWCL-Main lib.
_cOC
082 _2Fifth edition
_aRes. 016.8209 H289l 2008
100 _aHarner, James L.
245 _aLiterary research guide: an annotated listing of reference sources in English literary studies /
250 _aFifth edition
260 _aN.Y. :
_bThe Modern Language Association of America,
_cc2008.
300 _bvarious paging;
_c24 cm.
504 _aIncludes bibliographical references & index.
650 _a1. English literature - Information Sources.
650 _a2. American literature - Information Sources.
650 _a3. Commonwealth literature - (English) Information Sources.
942 _2ddc
_n0
_cBK-0 CIRC
_eFifth edition
_kRes.
999 _c2502
_d2502